000 00774nam a22002177a 4500
003 DO-SdBNP
005 20211119090248.0
008 211118b2001 ||||| |||| 00| 0 spa d
020 _a1891079697
040 _aDO-SdBNP
_bspa
_cBNPHU
082 _axxx
_bB877L
100 _aBrowne, Robert T.
_980667
240 _aThe golden book of mother Durgá
245 1 0 _aEl libro de oro de madre Durgá :
_bcon comentarioas sobre sus nombres, formas, ceremonias, festivales, yoguinis y asistentes /
_cRobert T. Browne ; Trad, Hermetic Press
260 _aSanto Domingo :
_bSociedad Hermetica para el Servicio Mundial,
_c2001
300 _a286 p. ;
_c23 cm
590 _aInventariado, 2021 / DG
700 _aHermetic Press
_eTraductor
_980668
910 _aD/G
942 _2ddc
_cLBS1
999 _c50992
_d50992